000
00263nam a22001097a 4500
082
_a
628.162 DON
100
_a
Don John, Chisholm John
245
_a
Modern methods of Water Purification
260
_a
London
_b
Edward Arnold
_c
1911
300
_a
368
942
_c
BK
999
_c
370171
_d
370171